Všeobecná charakteristika účtovníctva ako ekonomickej vedy

Definícia účtovníctva ako vednej disciplíny. Ciele účtovníctva. Ekonomická stránka účtovníctva. Meranie a evidencia. Klasifikácia údajov o faktoch. Postuláty v účtovníctve. Všeobecná a špecifická teória a prax.

Enregistré dans:
Détails bibliographiques
Auteur principal: Laučík, Zdenko
Format: Chapitre de livre
Langue:slovaque
Sujets:
Tags: Ajouter un tag
Pas de tags, Soyez le premier à ajouter un tag!

MARC

LEADER 00000naa a2200000 4500
001 r027893
005 20230925122154.7
041 0 |a slo 
044 |a SK 
245 1 0 |a Všeobecná charakteristika účtovníctva ako ekonomickej vedy  |c Zdenko Laučík 
520 |a Definícia účtovníctva ako vednej disciplíny. Ciele účtovníctva. Ekonomická stránka účtovníctva. Meranie a evidencia. Klasifikácia údajov o faktoch. Postuláty v účtovníctve. Všeobecná a špecifická teória a prax. 
610 2 0 |a účtovníctvo 
610 2 0 |a teória a prax 
610 2 0 |a pojmy 
610 2 0 |a evidencia účtovná 
100 1 |a Laučík, Zdenko